00422 2200169 4500001002100000005001500021008004100036020002200077035001900099041000700118082001100125090001700136100001700153245001900170260004000189300002300229INLIS00000000000037220241224112148241224||||||||| | ||| |||| || |  a978-979-769-548-4 0010-1224000372 aid0 a302.23 a302.23 APR l0 aSedarmayanti00aLiterasi Media aJakartabRajaGrafindo Persadac2013 ax, 272 hlm.; 21 cm